| 000 | 01202nam a22002535i 4500 | ||
|---|---|---|---|
| 001 | 154786 | ||
| 003 | ES-MaACL | ||
| 005 | 20230906205842.0 | ||
| 008 | 990630s1852 xxk |||| | eng d | ||
| 040 |
_aCCPB | B _bspa _cCCPB | B |
||
| 111 | 2 |
_aGreat Exhibition of the Works of Industry of all Nations ( _d1851). _cLondon) _9135161 |
|
| 245 | 1 | 0 | _aReports by the juries on the subjects in the thirty classes into wich the exhibition was divided. |
| 260 |
_aLondon : _bWilliam Clowes & Sons, _c1852. |
||
| 300 |
_a867, 15 p. ; _c26 cm. |
||
| 500 | _aEn port. consta: "Presentation copy" | ||
| 501 | _aCon 15 p. de propaganda editorial. | ||
| 504 | _aReferencias bibliográficas. | ||
| 504 | _aÍndice alfabético. | ||
| 505 | 8 | _aContiene: The official descriptive and illustrate catalogue of the great exhibition of the works of industry of all nations: 1851 | |
| 594 | _aPrecede al tít.: "Exhibition of the works of industry of all nations: 1851" | ||
| 597 | _aTexto a dos col. | ||
| 599 | _aEsc. xil. en port. | ||
| 852 |
_aES-MaACL _jG-7140 _z-- Enc. tela roja grabada con hierros, hierros dorados en el lomo y con los cortes dorados _x-- T300: Este ejemp. tiene : [6], CXX, 867, 15 p. |
||
| 999 |
_c154786 _d154786 |
||